Obálka Náhled e-knihy:
PDF Epub
Pro půjčování e-knih musíte být přihlášeni.
Jak si půjčit online?

Alica v reťaziach /

V blízkej budúcnosti existujú dva svety. Svet „hore“ a svet Alíc ukrytý hlboko v zemi. Čo chcú títo rebeli v zajačích maskách? Túžia iba po slobode, vášni a zničení nudy? Mirón objaví v izbe králičiu noru a skočí do neznáma. Penelopa zasa stretne záhadného mladíka od Alíc, ktorý ju magicky priťahuje...

Celý popis

Uloženo v:
Hlavní autor: Franková, Lina (Autor)
Médium: E-kniha
Jazyk:Czech
Vydáno: Praha : Albatros Media Slovakia s.r.o., 2025
Tagy:
Žádné tagy
LEADER 01388nam a22002297i 4500
001 302711
007 ta
008 260514s2025 xr ||||| |||| 00| 0 cze d
020 |a 9788056648827 
044 |a xr 
100 1 |a  Franková, Lina  |4 aut 
245 1 0 |a Alica v reťaziach /  |c  Franková, Lina 
264 1 |a Praha :  |b Albatros Media Slovakia s.r.o.,  |c 2025 
300 |a 1 online zdroj (352 stran) 
336 |a text  |b txt  |2 rdacontent 
337 |a bez média  |b n  |2 rdamedia 
338 |a online zdroj  |b cr  |2 rdacarrier 
520 2 |a V blízkej budúcnosti existujú dva svety. Svet „hore“ a svet Alíc ukrytý hlboko v zemi. Čo chcú títo rebeli v zajačích maskách? Túžia iba po slobode, vášni a zničení nudy? Mirón objaví v izbe králičiu noru a skočí do neznáma. Penelopa zasa stretne záhadného mladíka od Alíc, ktorý ju magicky priťahuje. Obaja podľahnú čaru krajiny zázrakov, z ktorej možno nie je cesta von... 
910 |a RBIT002 
998 |d 426968  |a https://core.palmknihy.cz/api/books/426968/cover?tesgi6  |b https://core.palmknihy.cz/api/books/426968/cover/400?tesgi6  |c https://core.palmknihy.cz/api/books/426968/cover/50?tesgi6  |e 2036-12-31  |g 352  |i 9788056648827  |j https://core.palmknihy.cz/api/books/426968/preview.epub  |k https://core.palmknihy.cz/api/books/426968/preview.pdf  |l   |q 49  |r 1  |s https://www.palmknihy.cz/kniha/426968  |t ebook  |y 2025  |z 1 
999 |d 302709